000 01067nam0a2200349 4500
001 RU\NLR\bibl\381474
005 20250622153746.0
010 _a5-94847-147-0
_910000
021 _aRU
_b2002-64477
_93134
035 _a(NLR Aleph) 000375878
090 _a424736
_c424736
100 _a20030220d2002 |||y0rusy50 ca
101 0 _arus
102 _aRU
105 _aa |||||||||
200 1 _aЗимние сказки
_eсб. стихотворений
_e[для детей
_fсост. Е. Романова]
210 _aМ.
_cОЛМА-пресс экслибрис
_d2002
215 _a[8] с.
_cцв. ил.
_d26
225 1 _aМоя любимая книжка
675 _a821.161.1-93
_v3
_zrus
686 _a17.82.93
_2rugasnti
686 _a84(2Рос-Рус)6-5
_2rubbk
686 _aШ9(2)60=Р7-5я43
702 1 _aРоманова
_bЕ.
_4220
801 0 _aRU
_bRKP
_c20030220
_gPSBO
801 1 _aRU
_bRKP
_c20030220
801 2 _aRU
_bNLR
_c20030421
_grcr
942 _cBOOK
980 _aNB